[Event "Charlotte Spring IM-B"]
[Site "Charlotte USA"]
[Date "2022.03.19"]
[Round "7.1"]
[White "Ivanov, Mike"]
[Black "Yan, Ruiyang"]
[Result "0-1"]
[WhiteElo "2339"]
[BlackElo "2284"]
[WhiteFideId "-1"]
[WhiteFideId "-1"]
[PlyCount "110"]
[GameId "2130307577572995"]
[EventDate "2022.03.16"]
[EventType "tourn"]
[EventRounds "9"]
[EventCountry "USA"]
[EventCategory "1"]
[SourceTitle "10 Days #682"]
[Source "ChessMix"]
[SourceDate "2022.04.01"]
[SourceVersion "1"]
[SourceVersionDate "2022.04.01"]
[SourceQuality "1"]

1. c4 Nf6 2. Nc3 e6 3. e4 d5 4. e5 d4 5. exf6 dxc3 6. bxc3 Qxf6 7. Nf3 b6 8. c5 h6 9. Qa4+ Bd7 10. Bb5 Bxc5 11. O-O Bxb5 12. Qxb5+ c6 13. Qa4 O-O 14. d4 Bd6 15. c4 Rc8 16. Bb2 Nd7 17. Rfe1 Qf5 18. Rad1 b5 19. Qa6 bxc4 20. Ba3 Bxa3 21. Qxa3 Qd5 22. Rb1 c5 23. Red1 cxd4 24. Rxd4 Qf5 25. Rc1 Nb6 26. h3 Rc7 27. Qc3 Nd5 28. Qa5 Rac8 29. Nd2 c3 30. Nb3 Qe5 31. Qb5 Qg5 32. Rg4 Qf6 33. Rc2 h5 34. Re4 Qg6 35. Qe2 Rb8 36. Qf3 a5 37. Rc1 c2 38. Nxa5 Rb1 39. Ree1 Rxc1 40. Rxc1 Qg5 41. Nb3 Rc3 42. h4 Qh6 43. Qe4 Rxb3 44. Rxc2 Rb1+ 45. Kh2 Qf4+ 46. Qxf4 Nxf4 47. Rc8+ Kh7 48. Ra8 Nd3 49. Kg3 Rb2 50. f3 e5 51. a4 Nf4 52. Kh2 Rxg2+ 53. Kh1 Rg3 54. a5 Rxf3 55. a6 Ra3 0-1

[Event "Charlotte Spring IM-B"]
[Site "Charlotte USA"]
[Date "2022.03.20"]
[Round "8.5"]
[White "Ivanov, Mike"]
[Black "Posthuma, Joshua"]
[Result "0-1"]
[WhiteElo "2339"]
[BlackElo "2389"]
[WhiteFideId "-1"]
[WhiteFideId "-1"]
[PlyCount "112"]
[GameId "2130307577573002"]
[EventDate "2022.03.16"]
[EventType "tourn"]
[EventRounds "9"]
[EventCountry "USA"]
[EventCategory "1"]
[SourceTitle "10 Days #682"]
[Source "ChessMix"]
[SourceDate "2022.04.01"]
[SourceVersion "1"]
[SourceVersionDate "2022.04.01"]
[SourceQuality "1"]

1. e4 c6 2. Ne2 d5 3. e5 c5 4. d4 Nc6 5. c3 Bg4 6. h3 Bxe2 7. Bxe2 e6 8. O-O cxd4 9. cxd4 Nge7 10. Na3 Nf5 11. Nc2 Qb6 12. Be3 Be7 13. Bd3 g6 14. Rb1 Rc8 15. b4 O-O 16. Qd2 Rc7 17. a3 Rfc8 18. Rfd1 Nxe3 19. fxe3 Bg5 20. Kh1 Ne7 21. Ne1 Rc3 22. Nf3 Bh6 23. Qe1 Nf5 24. Bxf5 exf5 25. Rbc1 Qc7 26. Rxc3 Qxc3 27. Qh4 Qxe3 28. b5 Bf8 29. Qf6 Qxa3 30. e6 Qe7 31. exf7+ Qxf7 32. Qh4 Qe7 33. Qg3 Qe3 34. Kh2 Qa3 35. Qh4 Be7 36. Qe1 Qd6+ 37. Kh1 Rc2 38. Rd2 Rxd2 39. Nxd2 Kf7 40. Nf3 Bf6 41. Qc3 Qd7 42. Qa5 b6 43. Qa4 g5 44. Qc2 h5 45. g4 fxg4 46. Qh7+ Ke6 47. Qg8+ Kf5 48. hxg4+ hxg4 49. Nd2 Bxd4 50. Kg2 Qe6 51. Qh7+ Kf4 52. Qh2+ Ke3 53. Kf1 Kd3 54. Nb3 Qf5+ 55. Ke1 Bc3+ 56. Nd2 Qe5+ 0-1

[Event "Charlotte Spring IM-B"]
[Site "Charlotte USA"]
[Date "2022.03.20"]
[Round "9.2"]
[White "De la Colina, Nicolas"]
[Black "Ivanov, Mike"]
[Result "0-1"]
[WhiteElo "2181"]
[BlackElo "2339"]
[WhiteFideId "-1"]
[WhiteFideId "-1"]
[PlyCount "68"]
[GameId "2130307577573003"]
[EventDate "2022.03.16"]
[EventType "tourn"]
[EventRounds "9"]
[EventCountry "USA"]
[EventCategory "1"]
[SourceTitle "10 Days #682"]
[Source "ChessMix"]
[SourceDate "2022.04.01"]
[SourceVersion "1"]
[SourceVersionDate "2022.04.01"]
[SourceQuality "1"]

1. e4 e6 2. d4 d5 3. Nd2 c5 4. Ngf3 Nc6 5. exd5 exd5 6. Bb5 cxd4 7. O-O Bd6 8. Nb3 Nge7 9. Nbxd4 h6 10. h3 O-O 11. c3 Bc7 12. Bd3 Nxd4 13. Nxd4 Qd6 14. Nf3 Ng6 15. Re1 Bd7 16. Bf1 Bc6 17. g3 Rae8 18. Be3 h5 19. h4 Re4 20. Bg2 Rfe8 21. Nd4 R4e5 22. Nf3 Rxe3 23. Rxe3 Rxe3 24. fxe3 Qxg3 25. Qe1 Qg4 26. Rd1 Bb6 27. Kh2 d4 28. Qg3 Qxg3+ 29. Kxg3 dxe3 30. Bh1 Bc7+ 31. Kh3 e2 32. Ra1 Nf4+ 33. Kh2 Nd3+ 34. Kg1 Bxf3 0-1

[Event "Cappelle la Grande op"]
[Site "Cappelle la Grande FRA"]
[Date "2022.02.13"]
[Round "2.10"]
[White "Ivanov, Mike"]
[Black "Roshka, Yevgeniy"]
[Result "1/2-1/2"]
[WhiteElo "2302"]
[BlackElo "2478"]
[WhiteFideId "-1"]
[WhiteFideId "-1"]
[PlyCount "95"]
[GameId "2130307578602515"]
[EventDate "2022.02.12"]
[EventType "swiss"]
[EventRounds "9"]
[EventCountry "FRA"]
[SourceTitle "10 Days 679"]
[Source "ChessMix"]
[SourceDate "2022.03.01"]
[SourceVersion "1"]
[SourceVersionDate "2022.03.01"]
[SourceQuality "1"]

1. e4 g6 2. d4 Bg7 3. Nf3 d6 4. Bc4 Nf6 5. Qe2 O-O 6. e5 dxe5 7. dxe5 Nd5 8. h3 Be6 9. O-O Nd7 10. Bg5 h6 11. Bd2 a5 12. a3 c6 13. Nc3 N7b6 14. Bd3 Nxc3 15. Bxc3 Na4 16. Nd4 Bd5 17. Rfd1 Qb6 18. Be4 Rfd8 19. e6 f5 20. Bxf5 Nxc3 21. bxc3 gxf5 22. Nxf5 Qc7 23. Nxg7 Kxg7 24. c4 Bxg2 25. Kxg2 Qf4 26. Qg4+ Qxg4+ 27. hxg4 Kf6 28. Rh1 Rd2 29. Rxh6+ Kg7 30. Rah1 Rf8 31. Rh7+ Kg6 32. R1h6+ Kg5 33. Rf7 Kxh6 34. Rxf8 Re2 35. Rb8 Kg5 36. Kg3 Kf6 37. Rxb7 Rxc2 38. Rb3 Kxe6 39. Rf3 Rxc4 40. g5 Rc1 41. Kg4 c5 42. Re3+ Kf7 43. Kf5 c4 44. g6+ Kf8 45. Re5 c3 46. Rxa5 Rf1 47. Rc5 Rxf2+ 48. Ke4 1/2-1/2

[Event "Cappelle la Grande op"]
[Site "Cappelle la Grande FRA"]
[Date "2022.02.14"]
[Round "4.8"]
[White "Ivanov, Mike"]
[Black "Loiseau, Quentin"]
[Result "1/2-1/2"]
[WhiteElo "2302"]
[BlackElo "2465"]
[WhiteFideId "-1"]
[WhiteFideId "-1"]
[PlyCount "104"]
[GameId "2130307578602536"]
[EventDate "2022.02.12"]
[EventType "swiss"]
[EventRounds "9"]
[EventCountry "FRA"]
[SourceTitle "10 Days 679"]
[Source "ChessMix"]
[SourceDate "2022.03.01"]
[SourceVersion "1"]
[SourceVersionDate "2022.03.01"]
[SourceQuality "1"]

1. e4 e5 2. Nf3 Nc6 3. Nc3 Nf6 4. Bb5 Bc5 5. Nxe5 Nxe5 6. d4 Bd6 7. f4 Nc6 8. e5 Bb4 9. exf6 Qxf6 10. a3 Ba5 11. Be3 Bxc3+ 12. bxc3 d5 13. Qf3 O-O 14. Qxd5 Re8 15. Kf2 Bf5 16. Bd3 Ne7 17. Qf3 Qg6 18. Rad1 Nc8 19. g4 Qxg4 20. Qxg4 Bxg4 21. Rdg1 Bd7 22. d5 Nd6 23. Bd4 g6 24. Re1 Bf5 25. Be5 f6 26. Bxf6 Ne4+ 27. Bxe4 Bxe4 28. Rhg1 Bxd5 29. Be5 Re7 30. h4 Kf7 31. h5 Bc6 32. hxg6+ hxg6 33. Rg3 Rd8 34. Rd3 Rd5 35. Rxd5 Bxd5 36. Bd4 Be6 37. Re5 b6 38. Ke1 Rd7 39. Re2 Bf5 40. Be5 Re7 41. Kd2 Kf8 42. Rh2 Ke8 43. Rh8+ Kd7 44. Rg8 Kc6 45. Rg7 Rxg7 46. Bxg7 Kb5 47. Kc1 Kc4 48. Be5 c5 49. Kb2 a5 50. Bc7 Kb5 51. Bd8 a4 52. c4+ Kxc4 1/2-1/2

[Event "Cappelle la Grande op"]
[Site "Cappelle la Grande FRA"]
[Date "2022.02.15"]
[Round "5.12"]
[White "Dimitrov, Radoslav"]
[Black "Ivanov, Mike"]
[Result "1-0"]
[WhiteElo "2487"]
[BlackElo "2302"]
[WhiteFideId "-1"]
[WhiteFideId "-1"]
[PlyCount "113"]
[GameId "2130307578602548"]
[EventDate "2022.02.12"]
[EventType "swiss"]
[EventRounds "9"]
[EventCountry "FRA"]
[SourceTitle "10 Days 679"]
[Source "ChessMix"]
[SourceDate "2022.03.01"]
[SourceVersion "1"]
[SourceVersionDate "2022.03.01"]
[SourceQuality "1"]

1. e4 e6 2. Nc3 d5 3. g3 dxe4 4. Nxe4 Bd7 5. Nf3 Bc6 6. Qe2 Qd5 7. d3 Nf6 8. Nxf6+ gxf6 9. Bg2 Nd7 10. O-O Ne5 11. Ne1 Qd7 12. f4 Bc5+ 13. Kh1 Bxg2+ 14. Kxg2 Qd5+ 15. Qe4 Qxe4+ 16. dxe4 Nc6 17. c3 O-O-O 18. b4 Bb6 19. a4 a5 20. b5 Nb8 21. Nf3 Rd3 22. Bb2 Rhd8 23. Kh3 Bc5 24. e5 f5 25. Ba3 Rxc3 26. Bxc5 Rxc5 27. Kh4 Nd7 28. Ng5 Rc2 29. Rh1 Nc5 30. Kh5 Rdd2 31. h4 Rg2 32. Rhg1 Rxg1 33. Rxg1 Nxa4 34. Ra1 Nb6 35. Rxa5 Rc3 36. g4 fxg4 37. Kxg4 Rc4 38. Nxh7 Nd5 39. Ra8+ Kd7 40. Kg5 c6 41. b6 c5 42. Nf6+ Kc6 43. Rc8+ Kxb6 44. Nxd5+ exd5 45. h5 d4 46. Rd8 Rc3 47. f5 Rg3+ 48. Kf6 Rh3 49. Kxf7 Rxh5 50. Kg6 Rh3 51. e6 Re3 52. Kf7 c4 53. e7 c3 54. Rxd4 Kb5 55. Rd8 Kc6 56. e8=Q+ Rxe8 57. Kxe8 1-0

[Event "Cappelle la Grande op"]
[Site "Cappelle la Grande FRA"]
[Date "2022.02.18"]
[Round "9.5"]
[White "Bellahcene, Bilel"]
[Black "Ivanov, Mike"]
[Result "1/2-1/2"]
[WhiteElo "2509"]
[BlackElo "2302"]
[WhiteFideId "-1"]
[WhiteFideId "-1"]
[PlyCount "149"]
[GameId "2130307578602586"]
[EventDate "2022.02.12"]
[EventType "swiss"]
[EventRounds "9"]
[EventCountry "FRA"]
[SourceTitle "10 Days 679"]
[Source "ChessMix"]
[SourceDate "2022.03.01"]
[SourceVersion "1"]
[SourceVersionDate "2022.03.01"]
[SourceQuality "1"]

1. e4 e6 2. d4 d5 3. Nc3 Bb4 4. e5 c5 5. a3 Bxc3+ 6. bxc3 Nc6 7. Qg4 g6 8. a4 Qa5 9. Bd2 Bd7 10. Bb5 c4 11. Qd1 O-O-O 12. Ne2 Nce7 13. Qb1 Nf5 14. O-O a6 15. Bxd7+ Rxd7 16. Re1 Nge7 17. Bc1 Nc6 18. Bg5 h6 19. Bf6 Rh7 20. Qc1 Nfe7 21. Qa3 Kb8 22. Reb1 Ka7 23. f3 Ng8 24. Bh4 g5 25. Bf2 f5 26. exf6 Nxf6 27. Bg3 Qd8 28. Qc5+ Ka8 29. Rb6 Qc8 30. Rab1 Rd8 31. Qa3 Rf7 32. Qc1 Nh5 33. Bf2 Nf4 34. Qe3 Rdf8 35. Bg3 h5 36. h3 h4 37. Bh2 Qd8 38. Nxf4 gxf4 39. Qxe6 Rf6 40. Qe1 R6f7 41. Kh1 Rg8 42. Qd2 Rgf8 43. Qc1 Qd6 44. Qb2 Qc7 45. Qa3 Qe7 46. Qb2 Qc7 47. a5 Rg7 48. Qc1 Qd6 49. Qd2 Qf6 50. Re1 Qf7 51. Re2 Qf6 52. Qe1 Qg5 53. Qa1 Re7 54. Rxe7 Qxe7 55. Rb1 Qe2 56. Qb2 Nxa5 57. Qb4 Rg8 58. Rg1 Nc6 59. Qc5 Rd8 60. Ra1 Na7 61. Bxf4 Qxc2 62. Qa5 Rg8 63. Bg5 Nb5 64. Qxb5 Rxg5 65. Rxa6+ bxa6 66. Qxa6+ Kb8 67. Qb6+ Kc8 68. Qc6+ Kb8 69. Qe8+ Kc7 70. Qe7+ Kc6 71. Qxg5 Qxc3 72. Qf6+ Kb5 73. Qe5 Qc1+ 74. Kh2 Kb4 75. Qxd5 1/2-1/2

[Event "North American op"]
[Site "Las Vegas USA"]
[Date "2021.12.28"]
[Round "5"]
[White "Velazquez, Kevin"]
[Black "Ivanov, Mike"]
[Result "0-1"]
[WhiteElo "2040"]
[BlackElo "2360"]
[WhiteFideId "-1"]
[WhiteFideId "-1"]
[PlyCount "74"]
[GameId "2130307579933964"]
[EventDate "2021.12.26"]
[EventType "swiss"]
[EventRounds "9"]
[EventCountry "USA"]
[SourceTitle "The Week in Chess 1417"]
[Source "Mark Crowther"]
[SourceDate "2022.01.03"]
[SourceVersion "1"]
[SourceVersionDate "2022.01.03"]
[SourceQuality "2"]

1. e4 e6 2. d4 d5 3. Nc3 Bb4 4. e5 c5 5. Bd2 Nh6 6. a3 Bxc3 7. bxc3 Nc6 8. Nf3 Nf5 9. Bd3 c4 10. Bxf5 exf5 11. h4 h6 12. Ng1 Qa5 13. a4 f4 14. Ne2 Bg4 15. f3 Bf5 16. Nxf4 O-O-O 17. g4 Bh7 18. Kf2 Rd7 19. Kg2 Nd8 20. h5 Ne6 21. Ne2 Rf8 22. Kg3 f5 23. exf6 Qc7+ 24. f4 gxf6 25. Kh4 f5 26. g5 hxg5+ 27. fxg5 f4 28. Nxf4 Nxf4 29. Qg4 Nxh5 30. Qxh5 Be4 31. Raf1 Rxf1 32. Qe8+ Rd8 33. Qe6+ Kb8 34. Rxf1 Qh2+ 35. Kg4 Qg2+ 36. Kf4 Qxd2+ 37. Ke5 Qxg5+ 0-1

[Event "North American op"]
[Site "Las Vegas USA"]
[Date "2021.12.28"]
[Round "6"]
[White "Ivanov, Mike"]
[Black "Hakobyan, Eduard"]
[Result "1/2-1/2"]
[WhiteElo "2360"]
[BlackElo "2221"]
[WhiteFideId "-1"]
[WhiteFideId "-1"]
[PlyCount "183"]
[GameId "2130307579933975"]
[EventDate "2021.12.26"]
[EventType "swiss"]
[EventRounds "9"]
[EventCountry "USA"]
[SourceTitle "The Week in Chess 1417"]
[Source "Mark Crowther"]
[SourceDate "2022.01.03"]
[SourceVersion "1"]
[SourceVersionDate "2022.01.03"]
[SourceQuality "2"]

1. e4 c5 2. Nf3 e6 3. b3 d6 4. d4 cxd4 5. Nxd4 Nf6 6. Bd3 Be7 7. O-O O-O 8. Bb2 e5 9. Nf3 Nbd7 10. c4 Nc5 11. Re1 Bg4 12. h3 Bh5 13. Qe2 Qc8 14. Nbd2 Ne6 15. Rac1 Qc5 16. Qe3 Nd7 17. Bb1 a5 18. Nf1 Rfc8 19. Ng3 Bg6 20. Nf5 Bf8 21. Qd2 Nf6 22. Kh2 Qb6 23. Ba3 Nc5 24. N3h4 Rc7 25. f3 Rac8 26. Ne3 a4 27. b4 Ne6 28. Bb2 Be7 29. Nhf5 Bxf5 30. Nxf5 Bf8 31. c5 dxc5 32. Bxe5 Rd7 33. Qb2 Ne8 34. Re2 Rcd8 35. b5 Nd4 36. Nxd4 cxd4 37. Bd3 Nc7 38. Qc2 Ne6 39. Qxa4 Bd6 40. Bxd6 Qxd6+ 41. e5 Qe7 42. Qc2 Rc7 43. Qd2 Rdc8 44. Rxc7 Qxc7 45. f4 Nc5 46. Re1 b6 47. Bc4 Rd8 48. f5 d3 49. Kh1 Rd4 50. e6 Ne4 51. exf7+ Kf8 52. Bb3 Qe7 53. Qe3 d2 54. Rf1 Qd6 55. Kg1 Qc5 56. Rd1 Rd8 57. Qxc5+ bxc5 58. a4 Nc3 59. Ra1 c4 60. Bc2 Ne2+ 61. Kf2 Nd4 62. Bd1 c3 63. b6 c2 64. Bxc2 Nxc2 65. Rd1 Nb4 66. Ke2 Kxf7 67. Rxd2 Re8+ 68. Kf3 Rb8 69. a5 Nc6 70. Rd7+ Kf8 71. Rd5 Ke7 72. Ke4 h6 73. Rb5 Nxa5 74. Rxa5 Rxb6 75. Ra4 Kf6 76. Kf4 Rb2 77. Ra6+ Kf7 78. Kf3 Rc2 79. Re6 Ra2 80. g4 Ra3+ 81. Re3 Ra4 82. Rc3 Ra7 83. h4 g6 84. Rc4 gxf5 85. gxf5 Kf6 86. Kg4 h5+ 87. Kxh5 Kxf5 88. Kh6 Ra6+ 89. Kh5 Ra8 90. Kh6 Ra6+ 91. Kg7 Ra7+ 92. Kh6 1/2-1/2

[Event "North American op"]
[Site "Las Vegas USA"]
[Date "2021.12.30"]
[Round "9"]
[White "Ivanov, Mike"]
[Black "Wu, Rochelle"]
[Result "0-1"]
[WhiteElo "2360"]
[BlackElo "2176"]
[WhiteFideId "-1"]
[WhiteFideId "-1"]
[PlyCount "86"]
[GameId "2130307579934010"]
[EventDate "2021.12.26"]
[EventType "swiss"]
[EventRounds "9"]
[EventCountry "USA"]
[SourceTitle "The Week in Chess 1417"]
[Source "Mark Crowther"]
[SourceDate "2022.01.03"]
[SourceVersion "1"]
[SourceVersionDate "2022.01.03"]
[SourceQuality "2"]

1. e4 c5 2. Nf3 d6 3. d4 cxd4 4. Qxd4 Nc6 5. Qe3 Nf6 6. Be2 g6 7. O-O Bg7 8. h3 O-O 9. Rd1 Nd7 10. Nc3 a6 11. b3 b6 12. Bb2 Bb7 13. Rab1 Rc8 14. Nd5 e6 15. Bxg7 Kxg7 16. Nf4 Qe7 17. Rd2 Rfd8 18. Rbd1 Nc5 19. Nd3 Kg8 20. c4 Rc7 21. h4 Rcd7 22. h5 e5 23. h6 Ne6 24. Nde1 f5 25. Bd3 f4 26. Qxb6 g5 27. Nh2 Rb8 28. c5 Ned4 29. Nc2 dxc5 30. Nxd4 cxd4 31. Bxa6 Ba8 32. Bc4+ Kf8 33. Qxb8+ Nxb8 34. f3 Bb7 35. Rc2 Rc7 36. Ng4 Ba6 37. Nf2 Bxc4 38. bxc4 Na6 39. Rb1 Rb7 40. Rcb2 Rxb2 41. Rxb2 Qc7 42. Ng4 d3 43. Nf6 d2 0-1

[Event "North American op 31st"]
[Site "Las Vegas"]
[Date "2021.12.29"]
[Round "7"]
[White "Andersen, Gunnar James"]
[Black "Ivanov, Mike"]
[Result "1-0"]
[WhiteElo "2213"]
[BlackElo "2360"]
[WhiteFideId "-1"]
[WhiteFideId "-1"]
[PlyCount "67"]
[GameId "1732914779045888"]
[EventDate "2021.12.26"]
[EventType "swiss"]
[EventRounds "9"]
[EventCountry "USA"]
[SourceTitle "CBM 205 Extra"]
[Source "ChessBase"]
[SourceDate "2022.01.31"]
[SourceVersion "1"]
[SourceVersionDate "2022.01.31"]
[SourceQuality "1"]

1. d4 Nf6 2. Nc3 d5 3. Bf4 a6 4. e3 b5 5. Qf3 e6 6. O-O-O Bb7 7. Bd3 Nbd7 8. g4 b4 9. Nce2 c5 10. Ng3 Rc8 11. g5 Ng8 12. Kb1 c4 13. Bf1 Qb6 14. Rc1 c3 15. b3 a5 16. h4 Ra8 17. h5 f5 18. Bd3 Ba6 19. Bxa6 Rxa6 20. Qe2 Ne7 21. f3 Nc6 22. Rd1 Be7 23. e4 fxe4 24. fxe4 O-O 25. Nh3 Rfa8 26. exd5 a4 27. Qxe6+ Kh8 28. h6 Bf8 29. Nf2 Nxd4 30. hxg7+ Kxg7 31. Qxd7+ Be7 32. Qxe7+ Kg8 33. Qxh7+ Kf8 34. Qh8+ 1-0

[Event "North American op 31st"]
[Site "Las Vegas"]
[Date "2021.12.29"]
[Round "8"]
[White "Ivanov, Mike"]
[Black "Xia, Brandon Yang"]
[Result "1-0"]
[WhiteElo "2360"]
[BlackElo "2060"]
[WhiteFideId "-1"]
[WhiteFideId "-1"]
[PlyCount "89"]
[GameId "1732914779140096"]
[EventDate "2021.12.26"]
[EventType "swiss"]
[EventRounds "9"]
[EventCountry "USA"]
[SourceTitle "CBM 205 Extra"]
[Source "ChessBase"]
[SourceDate "2022.01.31"]
[SourceVersion "1"]
[SourceVersionDate "2022.01.31"]
[SourceQuality "1"]

1. e4 g6 2. d4 Bg7 3. Nf3 d6 4. Bc4 Nf6 5. Qe2 O-O 6. e5 dxe5 7. dxe5 Nd5 8. h3 c6 9. O-O Qc7 10. Re1 Be6 11. Bg5 a5 12. a4 h6 13. Bh4 Nf4 14. Qe4 Bxc4 15. Qxc4 Ne6 16. Nc3 Na6 17. Ne4 Nb4 18. Bg3 Qb6 19. h4 Rad8 20. Ra3 Qa6 21. Qxa6 Nxa6 22. Rc3 Rd5 23. Ned2 Rfd8 24. Nb3 R8d7 25. Rc4 Nac7 26. Kf1 h5 27. Ng5 b5 28. Rxc6 bxa4 29. c4 axb3 30. cxd5 Rxd5 31. Rb6 a4 32. Rb8+ Bf8 33. Ne4 Nc5 34. Nxc5 Rxc5 35. Rb4 Ra5 36. Ra1 e6 37. Rbxa4 Rd5 38. Rc4 Nb5 39. Rc8 Kg7 40. Raa8 Rd1+ 41. Ke2 Rb1 42. Rxf8 Rxb2+ 43. Kd3 g5 44. Rg8+ Kh7 45. Rh8+ 1-0

[Event "Titled Tuesday 2021.12.21"]
[Site "Chess.com INT"]
[Date "2021.12.21"]
[Round "3"]
[White "Ivanov, Mike"]
[Black "Mihailidis, Anastasios"]
[Result "1-0"]
[WhiteElo "2360"]
[BlackElo "2235"]
[WhiteFideId "-1"]
[WhiteFideId "-1"]
[PlyCount "157"]
[GameId "1730387587944448"]
[EventDate "2021.12.21"]
[EventType "swiss (blitz)"]
[EventRounds "11"]
[EventCountry "NET"]
[SourceTitle "CBM 205 Extra"]
[Source "ChessBase"]
[SourceDate "2022.01.31"]
[SourceVersion "1"]
[SourceVersionDate "2022.01.31"]
[SourceQuality "1"]

1. e4 c5 2. Nf3 d6 3. Bb5+ Bd7 4. Bxd7+ Qxd7 5. O-O Nf6 6. c3 g6 7. e5 dxe5 8. Nxe5 Qd5 9. d4 Nc6 10. Qa4 Nd7 11. c4 Qd6 12. Nxc6 Qxc6 13. Qxc6 bxc6 14. dxc5 Nxc5 15. Be3 Ne6 16. Nd2 Bg7 17. Rab1 O-O 18. b3 Rfd8 19. Rfd1 a6 20. Ne4 f5 21. Nc5 Nxc5 22. Bxc5 e5 23. Bb6 Rf8 24. Rd7 Rf7 25. Rbd1 Raf8 26. Kf1 e4 27. Rxf7 Rxf7 28. Rd6 Rf6 29. Rd8+ Rf8 30. Rd7 Rf7 31. Rd6 Rf6 32. Rd1 Bf8 33. c5 Rf7 34. b4 Kg7 35. a4 Kf6 36. b5 axb5 37. axb5 cxb5 38. c6 Be7 39. c7 Rf8 40. Rd8 Bxd8 41. cxd8=Q+ Rxd8 42. Bxd8+ Ke6 43. Ba5 Kd5 44. Ke2 Kc4 45. Kd2 b4 46. Kc2 b3+ 47. Kb2 Kd3 48. Bb6 Ke2 49. Kxb3 Kf1 50. g3 Kg2 51. h4 h6 52. Kc4 g5 53. h5 f4 54. gxf4 gxf4 55. Kd5 Kf3 56. Ke5 e3 57. fxe3 fxe3 58. Kf6 e2 59. Ba5 Kg4 60. Kg6 Kf4 61. Kxh6 Kf5 62. Kg7 Kf4 63. h6 Kf3 64. h7 e1=Q 65. Bxe1 Ke2 66. Ba5 Kd3 67. h8=Q Kc4 68. Qd8 Kb5 69. Bc7 Kc4 70. Bh2 Kc3 71. Kf6 Kc4 72. Ke5 Kb3 73. Qc7 Kb2 74. Kd4 Kb3 75. Qc3+ Ka4 76. Qb2 Ka5 77. Kc5 Ka6 78. Kc6 Ka7 79. Qb7# 1-0

[Event "Titled Tuesday 2021.12.21"]
[Site "Chess.com INT"]
[Date "2021.12.21"]
[Round "4"]
[White "Klimciauskas, Domantas"]
[Black "Ivanov, Mike"]
[Result "1-0"]
[WhiteElo "2150"]
[BlackElo "2360"]
[WhiteFideId "-1"]
[WhiteFideId "-1"]
[PlyCount "43"]
[GameId "1730387588182016"]
[EventDate "2021.12.21"]
[EventType "swiss (blitz)"]
[EventRounds "11"]
[EventCountry "NET"]
[SourceTitle "CBM 205 Extra"]
[Source "ChessBase"]
[SourceDate "2022.01.31"]
[SourceVersion "1"]
[SourceVersionDate "2022.01.31"]
[SourceQuality "1"]

1. d4 Nf6 2. Nf3 e6 3. g3 c5 4. Bg2 cxd4 5. Nxd4 d5 6. O-O Be7 7. c4 O-O 8. cxd5 Nxd5 9. Nc3 Nxc3 10. bxc3 e5 11. Nb5 Nc6 12. Qc2 Qa5 13. a4 a6 14. Na3 Be6 15. Be3 Rac8 16. Qb2 Qxa4 17. Qxb7 Bxa3 18. Bxc6 Rxc6 19. Rxa3 Qxa3 20. Qxc6 Rc8 21. Qd6 h6 22. Qxa3 1-0

[Event "Titled Tuesday 2021.12.21"]
[Site "Chess.com INT"]
[Date "2021.12.21"]
[Round "7"]
[White "Ivanov, Mike"]
[Black "Matveeva, Olga"]
[Result "1-0"]
[WhiteElo "2360"]
[BlackElo "2171"]
[WhiteFideId "-1"]
[WhiteFideId "-1"]
[PlyCount "167"]
[GameId "1730387590823936"]
[EventDate "2021.12.21"]
[EventType "swiss (blitz)"]
[EventRounds "11"]
[EventCountry "NET"]
[SourceTitle "CBM 205 Extra"]
[Source "ChessBase"]
[SourceDate "2022.01.31"]
[SourceVersion "1"]
[SourceVersionDate "2022.01.31"]
[SourceQuality "1"]

1. e4 e6 2. Nc3 d5 3. Nf3 Nf6 4. e5 Nfd7 5. Ne2 c5 6. c3 Nc6 7. d4 cxd4 8. cxd4 f6 9. Nf4 Ndxe5 10. dxe5 fxe5 11. Nh5 g6 12. Ng3 Bg7 13. Be2 e4 14. Nd2 h5 15. O-O h4 16. Ngxe4 dxe4 17. Nxe4 O-O 18. Bg5 Qxd1 19. Raxd1 Bxb2 20. Bc4 Kg7 21. f4 Bd4+ 22. Kh1 h3 23. gxh3 e5 24. Bd5 Bxh3 25. Rfe1 Bg4 26. Bxc6 Bxd1 27. Rxd1 bxc6 28. fxe5 Bxe5 29. Rd7+ Rf7 30. Rd3 Raf8 31. Kg2 a5 32. Rb3 a4 33. Rb4 Ra7 34. Rb6 Rc8 35. Rb4 c5 36. Rc4 Bd4 37. Kf3 a3 38. Kg4 Rb7 39. h4 Rb2 40. Nd6 Rf8 41. h5 Rg2+ 42. Kh4 Rh2+ 43. Kg3 Rxh5 44. Be7 Rf1 45. Ra4 Rg1+ 46. Kf3 Rh3+ 47. Ke4 Re1+ 48. Kd5 Rxe7 49. Ra8 Rh5+ 50. Kc6 Be3 51. Rxa3 Bd4 52. Rf3 g5 53. Nf5+ Kf6 54. Nxd4+ Ke5 55. Nb5 c4 56. Kc5 Ke4 57. Rf1 Kd3 58. Rd1+ Kc2 59. Rd4 g4+ 60. Kxc4 g3 61. Rg4 Re3 62. Nd4+ Kd2 63. a4 Rc3+ 64. Kb4 Rh2 65. Re4 Rf2 66. Rg4 Kc1 67. Kxc3 g2 68. Nb3+ Kb1 69. Nd2+ Kc1 70. Nb3+ Kb1 71. a5 Rf3+ 72. Kb4 Rf4+ 73. Rxf4 g1=Q 74. Rf1+ Qxf1 75. Nd2+ Kc2 76. Nxf1 Kd3 77. a6 Kd4 78. Kb5 Kd5 79. Kb6 Kd6 80. Kb7 Kd7 81. a7 Kd8 82. a8=Q+ Ke7 83. Qc8 Kf6 84. Qd7 1-0

[Event "Titled Tuesday 2021.12.21"]
[Site "Chess.com INT"]
[Date "2021.12.21"]
[Round "8"]
[White "Gritsenko, Nikolai"]
[Black "Ivanov, Mike"]
[Result "1-0"]
[WhiteElo "2309"]
[BlackElo "2360"]
[WhiteFideId "-1"]
[WhiteFideId "-1"]
[PlyCount "69"]
[GameId "1730387591163904"]
[EventDate "2021.12.21"]
[EventType "swiss (blitz)"]
[EventRounds "11"]
[EventCountry "NET"]
[SourceTitle "CBM 205 Extra"]
[Source "ChessBase"]
[SourceDate "2022.01.31"]
[SourceVersion "1"]
[SourceVersionDate "2022.01.31"]
[SourceQuality "1"]

1. e4 e6 2. Nf3 d5 3. Nc3 Nf6 4. e5 Nfd7 5. d4 b6 6. Ne2 Ba6 7. c3 Be7 8. g3 c5 9. Bg2 Nc6 10. O-O Qc7 11. a3 O-O 12. Re1 Bxe2 13. Rxe2 a5 14. h4 a4 15. h5 h6 16. Be3 Na5 17. Qxa4 cxd4 18. cxd4 Nc4 19. Qd1 b5 20. Rc1 Qb6 21. Nh2 f5 22. exf6 Nxf6 23. Bh3 b4 24. a4 b3 25. Bf4 Bb4 26. Rxe6 Qb7 27. Qe2 Rxa4 28. Rxc4 dxc4 29. Qxc4 Kh8 30. Qxb3 Ra1+ 31. Nf1 Ne4 32. Rxe4 Qxe4 33. Qxb4 Rxf4 34. Qb8+ Kh7 35. gxf4 1-0

[Event "Titled Tuesday 2021.12.21"]
[Site "chess.com INT"]
[Date "2021.12.21"]
[Round "5"]
[White "Ivanov, Mike"]
[Black "Ardila, Oscar Humberto"]
[Result "1-0"]
[WhiteElo "2360"]
[BlackElo "1988"]
[WhiteFideId "-1"]
[WhiteFideId "-1"]
[PlyCount "83"]
[GameId "2130307580076134"]
[EventDate "2021.12.21"]
[EventType "swiss (blitz)"]
[EventRounds "11"]
[EventCountry "NET"]
[SourceTitle "The Week in Chess 1416"]
[Source "Mark Crowther"]
[SourceDate "2021.12.27"]
[SourceVersion "1"]
[SourceVersionDate "2021.12.27"]
[SourceQuality "2"]

1. e4 e5 2. Nf3 Nc6 3. Nc3 Nf6 4. Bb5 Bb4 5. O-O O-O 6. d3 d6 7. Ne2 Bg4 8. c3 Bc5 9. Ng3 a6 10. Ba4 b5 11. Bb3 Qd7 12. h3 Be6 13. d4 exd4 14. cxd4 Bxb3 15. axb3 Bb6 16. Bg5 Ne8 17. Qd2 f6 18. Be3 Qf7 19. Rfc1 Nd8 20. b4 Ne6 21. Nf5 Kh8 22. d5 Bxe3 23. Qxe3 Nd8 24. N3d4 g6 25. Nh6 Qe7 26. Ra3 Ng7 27. Rac3 Rc8 28. Ra1 Re8 29. f3 f5 30. Re1 fxe4 31. fxe4 Nf7 32. Nc6 Qd7 33. Ng4 Ne5 34. Nf6 Qf7 35. Nxe8 Rxe8 36. Nxe5 Rxe5 37. Qf2 Qe8 38. Rf3 Kg8 39. Rfe3 Nf5 40. exf5 gxf5 41. Rxe5 dxe5 42. Qxf5 1-0